| 000 | 00553nam a2200229Ia 4500 | ||
|---|---|---|---|
| 008 | 210210b2011 xxu||||| |||| 00| 0 eng d | ||
| 020 | _a9781412928489 | ||
| 041 | _aeng | ||
| 082 | _a327 DIEK | ||
| 100 | _aDIEZ(Thomas) | ||
| 245 | _aKey concepts in international relations | ||
| 260 |
_aLondon _bSage Publications _c2011 |
||
| 300 | _aix,268 | ||
| 650 | _arelations | ||
| 650 | _aKey | ||
| 650 | _ainternational | ||
| 650 | _ain | ||
| 650 | _aconcepts | ||
| 690 | _aInternational Relations | ||
| 700 | _aBODE(Ingvild) | ||
| 906 | _a065983 | ||
| 999 |
_c147401 _d147401 |
||